000 00618cam a2200217 4500
001 1307381
005 20180814065155.0
008 720811s1972 caua b 000 0 eng
010 _a 77181344
020 _a0876208707
040 _aDLC
_cDLC
_dDLC
041 _aeng
080 _a301..08
082 0 0 _a301..08
100 1 _a51
101 _aSOC
245 1 0 _aSociology, students, and society.
_cEdited by Jerome Rabow. With the assistance of Ellen Neiman and Roberta Lee Stern.
504 _aIncludes bibliographical references.
906 _a7
_bcbc
_corignew
_d2
_encip
_f19
_gy-gencatlg
942 _2ddc
_cBK
999 _c47117
_d47117